| 000 | 00840nam a22002297a 4500 | ||
|---|---|---|---|
| 999 |
_c3041 _d3041 |
||
| 001 | 3041 | ||
| 003 | BD-JhCC | ||
| 005 | 20171122191805.0 | ||
| 008 | 171109s1974 bg |||| |||| 000 0 ben d | ||
| 035 | _a(BD-JhCC)3041 | ||
| 040 |
_aBD-JhCC _dBD-JhCC |
||
| 041 | _aben | ||
| 082 |
_a822.33 _bSHA 1974 |
||
| 100 | _aশেক্সপীয়র, উলিয়াম | ||
| 245 |
_aহ্যামলেট : _bডেনমার্কের রাজকুমার / _cউলিয়াম শেক্সপীয়র;আবু শাহরিয়ার (অনুবাদ ) |
||
| 260 |
_aঢাকা : _bমুক্তধারা, _c১৯৭৪. |
||
| 300 |
_a১৯০ পৃ. : _c২২ সেমি. |
||
| 650 | _aEnglish Drama | ||
| 700 | _aশাহরিয়ার, আবু | ||
| 942 |
_2ddc _cBK |
||